00401nam a2200145Ia 4500003000400000008004100004020002700045040000800072100001700080245009700097250001100194260003000205300000800235365001200243LDD181029s9999 xx 000 0 und d a9788126910755c4500.00 cLDD aGupta, Amita 0aHandbook of universitiesbincludes universities, deemed universities, colleges,cAmita Gupta a2nd ed aNew DelhibAtlanticc2009 a3v. b4500.00